| 000 | 00418nam a2200169Ia 4500 | ||
|---|---|---|---|
| 008 | 210210b2011 xxu||||| |||| 00| 0 eng d | ||
| 041 | _aeng | ||
| 082 | _a382.6 KAPE | ||
| 100 | _aKAPOOR (D C) | ||
| 245 | _aExport management | ||
| 260 |
_aNew Delhi _bVikas Publishing House Pvt Ltd., _c2011 |
||
| 300 | _aviii,528 | ||
| 650 | _amanagement | ||
| 650 | _aExport | ||
| 690 | _aExport Management | ||
| 906 | _a069167 | ||
| 999 |
_c153260 _d153260 |
||